000
00290nam a2200109Ia 4500
008
200302s9999 xx 000 0 und d
100
_a
Frank Jacobus
245
_a
Archi Graphic an infographic look at architecture
260
_b
Laurence King Publishing Ltd.,
260
_c
2015
300
_a
159
999
_c
7384
_d
7384